| 000 | 00914nam a2200253Ia 4500 | ||
|---|---|---|---|
| 003 | OSt | ||
| 005 | 20220928125044.0 | ||
| 006 | a|||||r|||| 00| 0 | ||
| 007 | ta | ||
| 008 | 220927b |||||||| |||| 00| 0 eng d | ||
| 020 | _c395 | ||
| 024 | _a116474 | ||
| 037 |
_b108, 21/08/2012, Excel Book International _cTextual |
||
| 040 |
_aSDCL _cSDCL _beng |
||
| 041 |
_2eng _aeng |
||
| 082 | _aX9(J):(Z2)'P, Q2;1 | ||
| 100 |
_aGramin Vikas Mantralaya Bharat Sarkar _9467808 |
||
| 245 | 0 |
_aMahatma Gandhi narega sameeksha _b Mahatma Gandhi rashtriya gramin rozgaar guarantee adhiniyam,2005 par sodh adhyaan ka sankalp 2006-2012. |
|
| 260 |
_aNew Delhi _bOrient BlackSwan _c2012 |
||
| 300 |
_axvii,109p _ccm. |
||
| 650 | _aPolitical Science | ||
| 942 |
_hX9(J):(Z2)'P, Q2;1 _cTEXL _2CC |
||
| 999 |
_c780691 _d780691 |
||